000 00579nam a2200169Ia 4500
003 GCL
008 140319s9999 xx 000 0 ara d
040 _aGCL /
_cGCL
082 0 4 _aق
_b920.71
_bف ل
100 1 _aفتحى رفاعة
245 1 0 _aلمحة تاريخية عن حياة ومؤلفات الشيخ رفاعة بدوى رافع الطهطاوى مؤسس النهضة العلمية الحديثة (1801 - 1873) /
_cفتحى رفاعة
300 _a128
490 _a100 قصة
_v0
650 0 4 _aمصر
650 0 4 _aرفاعة الطهطاوى
942 _2ddc
_cBK
999 _c43552
_d43552